Paradigme of the Elite Education at Technical the Computer University the Computer Process Engineering Role in Forming; Korus 99; The 3th Russia-Korean International Symposium on Science and Technology; Vol. 1: Proceedings
| Parent link: | Korus 99.— , 1999 The 3th Russia-Korean International Symposium on Science and Technology: June 22-25, 1999, Tomsk/ Tomsk Polytechnic University (TPU) ; Novosibirsk State Technical University Vol. 1: Proceedings.— 1999.— P. 212-214 |
|---|---|
| 1. Verfasser: | |
| Weitere Verfasser: | |
| Sprache: | Englisch |
| Veröffentlicht: |
1999
|
| Schlagworte: | |
| Format: | Buchkapitel |
| KOHA link: | https://koha.lib.tpu.ru/cgi-bin/koha/opac-detail.pl?biblionumber=191030 |
MARC
| LEADER | 00000naa2a2200000 4500 | ||
|---|---|---|---|
| 001 | 191030 | ||
| 005 | 20240214091750.0 | ||
| 035 | |a (RuTPU)RU\TPU\book\208270 | ||
| 090 | |a 191030 | ||
| 100 | |a 20110201d1999 k y0engy50 ba | ||
| 101 | 0 | |a eng | |
| 102 | |a RU | ||
| 200 | 1 | |a Paradigme of the Elite Education at Technical the Computer University the Computer Process Engineering Role in Forming |f A. A. Kornienko, L. I. Yampolskay | |
| 461 | 1 | |0 (RuTPU)RU\TPU\book\181596 |t Korus 99 |d 1999 | |
| 461 | |t The 3th Russia-Korean International Symposium on Science and Technology |o June 22-25, 1999, Tomsk |f Tomsk Polytechnic University (TPU) ; Novosibirsk State Technical University | ||
| 463 | 1 | |0 (RuTPU)RU\TPU\book\10962 |t Vol. 1: Proceedings |v P. 212-214 |d 1999 |p 389 p. | |
| 610 | 1 | |a труды учёных ТПУ | |
| 700 | 1 | |a Kornienko |b A. A. |c D. Sc. |c Professor of the TPU |f 1941- |g Alla Alexandrovna |3 (RuTPU)RU\TPU\pers\27763 |4 070 |9 12824 | |
| 701 | 1 | |a Yampolskay |b L. I. | |
| 801 | 1 | |a RU |b 63413507 |c 20110201 | |
| 801 | 2 | |a RU |b 63413507 |c 20121207 |g RCR | |
| 942 | |c BK | ||